God chasers for kids / (Record no. 6786)
[ view plain ]
| 000 -LEADER | |
|---|---|
| fixed length control field | 01028cam a22003133a 4500 |
| 001 - CONTROL NUMBER | |
| control field | 13270883 |
| 003 - CONTROL NUMBER IDENTIFIER | |
| control field | OSt |
| 005 - DATE AND TIME OF LATEST TRANSACTION | |
| control field | 20140310181917.0 |
| 008 - FIXED-LENGTH DATA ELEMENTS--GENERAL INFORMATION | |
| fixed length control field | 030711s2002 paua j 000 0 eng d |
| 010 ## - LIBRARY OF CONGRESS CONTROL NUMBER | |
| LC control number | 2003271937 |
| 020 ## - INTERNATIONAL STANDARD BOOK NUMBER | |
| International Standard Book Number | 0768421659 |
| 035 ## - SYSTEM CONTROL NUMBER | |
| System control number | (OCoLC)ocm51032083 |
| 040 ## - CATALOGING SOURCE | |
| Original cataloging agency | OCO |
| Transcribing agency | OCO |
| Modifying agency | DLC |
| 050 00 - LIBRARY OF CONGRESS CALL NUMBER | |
| Classification number | B 69 |
| Item number | .T298 2002 |
| 082 ## - DEWEY DECIMAL CLASSIFICATION NUMBER | |
| Classification number | TR 239 |
| Item number | T25 2002 |
| 100 1# - MAIN ENTRY--PERSONAL NAME | |
| Personal name | Tenney, Tommy, |
| Dates associated with a name | 1956- |
| 9 (RLIN) | 1041 |
| 245 10 - TITLE STATEMENT | |
| Title | God chasers for kids / |
| Statement of responsibility, etc | Tommy Tenney. |
| 260 ## - PUBLICATION, DISTRIBUTION, ETC. (IMPRINT) | |
| Place of publication, distribution, etc | Shippensburg, PA : |
| Name of publisher, distributor, etc | Destiny Image, |
| Date of publication, distribution, etc | c2002. |
| 300 ## - PHYSICAL DESCRIPTION | |
| Extent | 92 p. : |
| Other physical details | col. ill. ; |
| Dimensions | 16 cm. |
| 521 ## - TARGET AUDIENCE NOTE | |
| Target audience note | |
| Source | Lexile |
| 541 ## - IMMEDIATE SOURCE OF ACQUISITION NOTE | |
| -- | 1 |
| 562 ## - COPY AND VERSION IDENTIFICATION NOTE | |
| Number of copies | 1 |
| 650 #0 - SUBJECT ADDED ENTRY--TOPICAL TERM | |
| Topical term or geographic name as entry element | Apologetics |
| Form subdivision | Juvenile literature. |
| 9 (RLIN) | 1042 |
| 650 #0 - SUBJECT ADDED ENTRY--TOPICAL TERM | |
| Topical term or geographic name as entry element | Christian life |
| Form subdivision | Juvenile literature. |
| 9 (RLIN) | 1043 |
| 856 41 - ELECTRONIC LOCATION AND ACCESS | |
| Materials specified | Table of contents only |
| Uniform Resource Identifier | <a href="http://www.loc.gov/catdir/toc/fy0705/2003271937.html">http://www.loc.gov/catdir/toc/fy0705/2003271937.html</a> |
| 906 ## - LOCAL DATA ELEMENT F, LDF (RLIN) | |
| a | 7 |
| b | cbc |
| c | copycat |
| d | 3 |
| e | ncip |
| f | 20 |
| g | y-gencatlg |
| 942 ## - ADDED ENTRY ELEMENTS (KOHA) | |
| Source of classification or shelving scheme | Library of Congress Classification |
| Koha item type | |
| Call number prefix | |
| Withdrawn status | Lost status | Source of classification or shelving scheme | Damaged status | Home library | Current library | Shelving location | Date acquired | Total Checkouts | Full call number | Barcode | Date last seen | Copy number | Price effective from | Koha item type |
|---|---|---|---|---|---|---|---|---|---|---|---|---|---|---|
| Library of Congress Classification | Luxembourg Library | Luxembourg Library | Teachers Reference Section | 07/16/2013 | B 69 .T298 2002 | 16005 | 08/13/2013 | 1 | 07/16/2013 | Books |